Movies Quiz

Random Movies Quiz

Carrie Fisher Movies Quiz Stats

 Plays Quiz not verified by Sporcle

Score 0/41 Timer 20:00
0 Plays Today
% Correct
Star Wars
92.3%
Return of the Jedi
65.4%
Empire Strikes Back
61.5%
The Force Awakens
57.7%
The Blues Brothers
42.3%
When Harry Met Sally....
42.3%
The 'Burbs
26.9%
Shampoo
15.4%
Drop Dead Fred
11.5%
Soapdish
11.5%
Jay and Silent Bob Strike Back
11.5%
The Man with One Red Shoe
7.7%
Hannah and her Sisters
7.7%
Loverboy
7.7%
Hook
7.7%
Scream 3
7.7%
Fanboys
7.7%
Garbo Talks
3.8%
Charlie's Angels: Full Throttle
3.8%
Wonderland
3.8%
Cougar Club
3.8%
% Correct
The Women
3.8%
Map to the Stars
3.8%
Under the Rainbow
0%
Hollywood Vice Squad
0%
The Time Guardian
0%
Appointment with Death
0%
She's Back
0%
Sweet Revenge
0%
Sibling Rivalry
0%
This is my Life
0%
Austin Powers: International Man of Mystery
0%
Lisa Picard is Famous
0%
Hearetbreakers
0%
A Midsummer Night's Rave
0%
Stateside
0%
Undiscovered
0%
Suffering Man's Charity
0%
White Lightnin'
0%
Sorority Row
0%
Lego Star Wars: The Force Awakens
0%

You're not logged in!

Compare scores with friends on all Sporcle quizzes.
Join for Free
OR
Log In

You Might Also Like...

Show Comments

Extras

Created Dec 28, 2016ReportNominate
Tags:carrie, fisher

Top Quizzes Today


Score Distribution

Your Account Isn't Verified!

In order to create a playlist on Sporcle, you need to verify the email address you used during registration. Go to your Sporcle Settings to finish the process.

Report this User

Report this user for behavior that violates our Community Guidelines.

Details: